[Event "GRE-ch U12 Girls"]
[Site "Patras"]
[Date "2019.07.01"]
[Round "9.2"]
[White "Karavitaki, Antonia"]
[Black "Athanasiou, Soumela"]
[Result "1-0"]
[WhiteElo "1481"]
[BlackElo "1246"]
[PlyCount "141"]
[EventDate "2019.06.25"]
[EventType "swiss"]
[EventRounds "9"]
[EventCountry "GRE"]
[SourceTitle "EXT 2020"]
[Source "ChessBase"]
[SourceDate "2019.10.17"]
[SourceVersion "1"]
[SourceVersionDate "2019.10.17"]
[SourceQuality "1"]
[WhiteTeam "Greece"]
[BlackTeam "Greece"]
[WhiteTeamCountry "GRE"]
[BlackTeamCountry "GRE"]

1. d4 d5 2. c4 e6 3. Nc3 a6 4. cxd5 exd5 5. Bf4 Nf6 6. Qc2 c6 7. e3 Bd6 8. Bxd6 Qxd6 9. Bd3 0-0 10. Nge2 Bg4 11. Ng3 Nbd7 12. 0-0 h6 13. Na4 Nh5 14. Nxh5 Bxh5 15. Rac1 Bg6 16. Bxg6 Qxg6 17. Qb3 Rab8 18. Rc3 Nf6 19. f3 Nd7 20. Re1 Rfe8 21. Rc2 Re6 22. Rce2 Qf6 23. Qd3 Rd6 24. Rd1 Qh4 25. e4 dxe4 26. fxe4 Rg6 27. Rf1 Qg4 28. Rf3 Nf6 29. Rg3 Qh5 30. Rxg6 Qxg6 31. Nc5 Nh5 32. Rf2 Qg5 33. Qf3 f6 34. Ne6 Qg6 35. Qb3 Kh8 36. Nc5 Qe8 37. Qf3 Qf7 38. g4 Qg6 39. Qf5 Qxf5 40. exf5 Ng3 41. hxg3 Rd8 42. Rd2 Rb8 43. Kf2 Kg8 44. Ke3 Kf7 45. d5 Re8+ 46. Kf3 cxd5 47. Rxd5 Rc8 48. b4 Kg8 49. Nxb7 Rc3+ 50. Ke4 Rxg3 51. Kf4 Ra3 52. Ra5 Rc3 53. Rxa6 Rc4+ 54. Kf3 Rxb4 55. Nd6 Kf8 56. Ra7 Rb2 57. a4 Ra2 58. a5 Ra1 59. a6 Rf1+ 60. Ke2 Rf4 61. Rf7+ Kg8 62. a7 Ra4 63. Rb7 Kh7 64. Nb5 Rb4 65. a8Q Rb2+ 66. Kd3 Rb3+ 67. Kc2 Rh3 68. Qf8 Rh2+ 69. Kd3 Rh3+ 70. Ke4 Rb3 71. Qxg7# 1-0

[Event "GRE-ch U12 Girls"]
[Site "Patras"]
[Date "2019.06.29"]
[Round "7.1"]
[White "Tsapaki, Asimenia"]
[Black "Karavitaki, Antonia"]
[Result "0-1"]
[WhiteElo "1435"]
[BlackElo "1481"]
[PlyCount "104"]
[EventDate "2019.06.25"]
[EventType "swiss"]
[EventRounds "9"]
[EventCountry "GRE"]
[SourceTitle "EXT 2020"]
[Source "ChessBase"]
[SourceDate "2019.10.17"]
[SourceVersion "1"]
[SourceVersionDate "2019.10.17"]
[SourceQuality "1"]
[WhiteTeam "Greece"]
[BlackTeam "Greece"]
[WhiteTeamCountry "GRE"]
[BlackTeamCountry "GRE"]

1. d4 Nf6 2. Nc3 g6 3. e4 d6 4. Be3 Bg7 5. Qd2 0-0 6. f3 Nbd7 7. h4 e5 8. 0-0-0 a5 9. g4 h5 10. Be2 a4 11. Nb1 c6 12. Bh6 b5 13. Bxg7 Kxg7 14. d5 cxd5 15. exd5 Qb6 16. a3 Rb8 17. Nh3 b4 18. axb4 Qxb4 19. Qxb4 Rxb4 20. Nf2 Nc5 21. g5 Nfd7 22. Nc3 Ba6 23. Bxa6 Nxa6 24. Nd3 Rd4 25. Rde1 Nac5 26. Nxc5 Nxc5 27. Ne4 Rxd5 28. Rd1 Rxd1+ 29. Rxd1 Nxe4 30. fxe4 Rd8 31. Rd5 Rc8 32. Kd2 Rc6 33. Kd3 Rb6 34. Kc3 Rc6+ 35. Kd2 f5 36. exf5 gxf5 37. b3 axb3 38. cxb3 Rb6 39. Kc3 f4 40. Rd3 Kf7 41. Rd1 Kg6 42. Rg1 f3 43. Rf1 e4 44. Kd4 Rb4+ 45. Kc3 Rb5 46. Kd4 d5 47. Ke5 Rxb3 48. Kxd5 Re3 49. Ra1 f2 50. Ra6+ Kg7 51. Rf6 Rf3 52. Kxe4 Rxf6 0-1

[Event "GRE-ch U12 Girls"]
[Site "Patras"]
[Date "2019.06.28"]
[Round "6.1"]
[White "Karavitaki, Antonia"]
[Black "Gkoutzouki, Aikaterini Argyro"]
[Result "1-0"]
[WhiteElo "1481"]
[BlackElo "1339"]
[PlyCount "53"]
[EventDate "2019.06.25"]
[EventType "swiss"]
[EventRounds "9"]
[EventCountry "GRE"]
[SourceTitle "EXT 2020"]
[Source "ChessBase"]
[SourceDate "2019.10.17"]
[SourceVersion "1"]
[SourceVersionDate "2019.10.17"]
[SourceQuality "1"]
[WhiteTeam "Greece"]
[BlackTeam "Greece"]
[WhiteTeamCountry "GRE"]
[BlackTeamCountry "GRE"]

1. d4 Nf6 2. c4 e6 3. Nc3 Bb4 4. e3 b6 5. Bd2 Bb7 6. Nf3 Bxc3 7. Bxc3 d6 8. Bd3 Nbd7 9. 0-0 0-0 10. Re1 d5 11. Rc1 Re8 12. Qe2 Rc8 13. b3 c5 14. cxd5 exd5 15. Bb2 h6 16. Nh4 Ne4 17. Nf5 Ndf6 18. Qf3 Qc7 19. dxc5 bxc5 20. Nxh6+ gxh6 21. Bxf6 Nxf6 22. Qxf6 Qc6 23. Qxc6 Rxc6 24. Bb5 Rce6 25. Bxe8 Rxe8 26. Rxc5 Re7 27. Rec1 1-0